| 000 | 01115nas a2200337 4500 | ||
|---|---|---|---|
| 001 | BR9213395 | ||
| 003 | BR-BrBNA | ||
| 005 | 20231205095256.0 | ||
| 007 | ta | ||
| 008 | 230509b bl.|||p| |||| 00| 00por d | ||
| 040 |
_aBR-BrBNA _bpor _cBiblioteca Nacional de Agricultura |
||
| 041 | _a(Pt) | ||
| 072 | _aQ03 | ||
| 100 | 1 | _aGelli, D.S. | |
| 100 | 1 | _aRibeiro, E.G.A. | |
| 100 | 1 | _aPacheco, M.R. | |
| 100 | 1 | _aFreitas, A.M. | |
| 100 | 1 | _aEsper, M.R.R. | |
| 100 | 1 | _aPisani, B. | |
| 100 | 1 | _aRocha, M.M.M. | |
| 100 | 1 | _aTanaka, A.Y. | |
| 100 | 1 | _aCastro, M.T.F. | |
| 100 | 1 | _aKaru, M. | |
| 245 | 1 | _aTermorresistencia e sensibilidade a antibioticos e quimioterapicos de cepas de Staphylococcus aureus isolados de materiais envolvidos em intoxicacao por enterotoxina estafilococica, no estado de Sao Paulo | |
| 650 | _aBacteria | ||
| 650 | _aIntoxicacao | ||
| 650 | _aSao Paulo | ||
| 773 | 0 |
_tBoletim do Centro de Pesquisa e Processamento de Alimentos (Brazil) _xISSN 0102-0323 _g(Jan-Jun 1992), v. 10(1) p. 23-34 _wBR9213395 |
|
| 909 |
_a202311 _bLúcia _c55 _dLúcia Elande |
||
| 942 |
_2AGRIS _n0 _cANA |
||
| 999 |
_c149763 _d149763 |
||